Ecología del estado Lara : (Registro nro. 4056)

Detalles MARC
000 -CABECERA
Campo de control 00770nam a2200229 a 4500
005 - FECHA Y HORA DE LA ULTIMA TRANSACCION
Campo de control 20180803165141.0
008 - ELEMENTOS DE LONGITUD FIJA—INFORMACION GENERAL
Campo de control 140313s1991 ve ab fr|||| 000 0 spa d
040 ## - FUENTE DE CATALOGACIÓN
Agencia catalogadora original CO-BoIAVH
Agencia transcriptora CO-BoIAVH
041 0# - IDIOMA
Código de idioma para texto/pista de sonido o título separado Español
044 ## - PAÍS DE PUBLICACIÓN
País de publicación Venezuela
082 04 - NUMERO DE CLASIFICACION DECIMAL DEWEY
Número de clasificación 570.098725
Número del ítem S64e
100 1# - ASIENTO PRINCIPAL--NOMBRE PERSONAL
Nombre personal Smith, Robert F.
9 (RLIN) 21344
245 10 - MENCION DE TITULO
Título Ecología del estado Lara :
Parte restante del título Serie homenaje / Cuatricentenario de Guanare
260 ## - PUBLICACION, DISTRIBUCION, ETC. (PIE DE IMPRENTA)
Lugar de publicación, distribución, etc. Caracas :
Nombre del editor, distribuidor, etc. Museo de Ciencias Naturales de la UNELLEZ ,
Fecha de publicación, distribución, etc. 1991.
300 ## - DESCRIPCION FISICA
Extensión 230 páginas :
Otros detalles físicos Ilustraciones, mapas ;
Dimensiones 23 x 16 cm.
650 #6 - ASIENTO SECUNDARIO DE MATERIA - TERMINO TEMATICO
Término temático o nombre geográfico como elemento de entrada Zonas áridas
9 (RLIN) 3658
650 #6 - ASIENTO SECUNDARIO DE MATERIA - TERMINO TEMATICO
Término temático o nombre geográfico como elemento de entrada Biodiversidad
9 (RLIN) 92204
650 #6 - ASIENTO SECUNDARIO DE MATERIA - TERMINO TEMATICO
Término temático o nombre geográfico como elemento de entrada Áreas de conservación de recursos naturales
9 (RLIN) 53098
662 ## - ASIENTO SECUNDARIO DE MATERIA - JERARQUIA DEL NOMBRE DE LUGAR(
País o entidad mayor Venezuela
Jurisdicción política de primer orden Lara
700 1# - ASIENTO SECUNDARIO - NOMBRE PERSONAL
Nombre personal Rivero M., Antonio
9 (RLIN) 21345
942 ## - ELEMENTOS ADICIONALES (KOHA)
Tipo de ítem Informe Técnico
Sistema de clasificación Dewey Decimal Classification
Existencias
Withdrawn status Lost status Sistema de Clasificación Damaged status No para préstamo Colección Inventariado Ubicación Permanente Ubicación actual Fecha de adquisición Fuente de Valor Valor Total Checkouts Número topográfico Inventario / Código de Barras Date last seen Ejemplar Price effective from Forma de adquisición Tipo de material
    Dewey Decimal Classification     General Inventariado 2017 Bogotá Bogotá 13/08/2004 Instituto 50000.00   LB-570.098725 S64e 016443 04/12/2012 Ej. 1 04/12/2012   Libro